00506nam a2200193 a 4500001001300000003000900013005001700022008004100039020000900080082001700089100002000106245004400126260004200170300000900212500003500221505001000256650002600266700002000292nice12345678IN_TiNIC20260116011508.0050524s1962 newa grp 000 0 eng  ac2100a954.025bSHA aSharma, Sri Ram aReligious Policy of the Mughal Emperors aNew YorkbAsia Publishing Housec1962 a206p aincludes index and biblioraphy2 aIndex aMughal India-Religion1 aSharma, Sri Ram